000 02396cam a22005534i 4500
003 PE-LiUPU
005 20250731173143.0
008 150623s2000 miu rb 000 0 spa d
020 _a1558834044
035 _a(Sirsi) i9781558834040
040 _aPE-LiUPU
_bspa
_cPE-LiUPU
_erda
049 _aPRUA
082 0 4 _a266.001
_bB75
_221
100 1 _aBosch, David J.,
_eautor.
245 1 0 _aMisión en transformación :
_bcambios de paradigma en la teología de la misión /
_cDavid J. Bosch.
264 1 _aGrand Rapids, Michigan :
_bLibros Desafío,
_c2000.
300 _a711 páginas ;
_c24 centímetros
336 _atext
_2rdacontent
337 _aunmediated
_2rdamedia
338 _avolume
_2rdacarrier
504 _aIncluye bibligrafía.
505 0 _aModelos neotestamentarios de misión -- Paradigmas históricos de la misión -- Hacia una misionología relevante.
526 _aSEG42
526 _aSEG41
526 _aSEG40
526 _aSEG39
526 _aP94
526 _aP87
526 _aP86
526 _aP85
526 _aP77
526 _aP76
526 _aP35
541 _g003-0002820;
650 0 4 _aCristianismo y otras religiones.
_91630
650 0 4 _aMisión de la iglesia
_ySiglo XX.
650 0 4 _aMisiones.
942 _2ddc
_cBOOK
949 _a266.001 B75
_wDEWEY
_c1
_i55989
_lCCODEBUL1
_mBUL
_p28.00
_r0
_sY
_tBOOK
_u2015-6-24
_xTEOLOGIA
_PP35
_0COMPRA
_o.STAFF. Colección General
949 _a266.001 B75
_wDEWEY
_c2
_i53806
_lCCODEBUL1
_mBUL
_r0
_sY
_tBOOK
_u2015-6-24
_xTEOLOGIA
_PP35
_0COMPRA
_o.STAFF. Colección General
949 _a266.001 B75
_wDEWEY
_c3
_i52973
_lCCODEBUL1
_mBUL
_r0
_sY
_tBOOK
_u2015-6-24
_xTEOLOGIA
_PP35
_0COMPRA
_o.STAFF. Colección General
994 _aC0
_bPEPRU
596 _a1
999 _a266.001 B75
_wDEWEY
_c34823
_i55989
_d34823
_f2021-11-10
_g5
_lCCODEBUL1
_mBUL
_p28.00
_q2
_r0
_sY
_tBOOK
_u2015-6-24
_xTEOLOGIA
_PP35
_0COMPRA
_o.STAFF. Colección General
999 _a266.001 B75
_wDEWEY
_c2
_i53806
_d2017-10-26
_e2017-10-23
_f2021-11-10
_g5
_lCCODEBUL1
_mBUL
_n1
_p28.00
_q2
_r0
_sY
_tBOOK
_u2015-6-24
_xTEOLOGIA
_PP35
_0COMPRA
_o.STAFF. Colección Teología
999 _a266.001 B75
_wDEWEY
_c3
_i52973
_d2019-4-23
_e2019-4-3
_f2021-11-10
_g4
_lCCODEBUL1
_mBUL
_n9
_q3
_r0
_sY
_tBOOK
_u2015-6-24
_xTEOLOGIA
_PP35
_0COMPRA
_o.STAFF. Colección General
980 _81
_gALBERTO SANCHEZ Responsable de Automatización